Normale Ansicht MARC-Ansicht ISBD

Gedächtnislabore : (Titelsatznr. 25547)

[ MARC ]
MARC-Details
000 -Satzkennung
Kontrollfeld mit fester Länge 00668nam a22002171c 4500
001 - Kontrollnummer
Kontrollfeld hubbv041098726
008 - Feld mit fester Länge zur physischen Beschreibung - Allgemeine Angaben
Kontrollfeld mit fester Länge 130722s2013 gw a||| 000u ger d
020 ## - Internationale Standardbuchnummer
Internationale Standardbuchnummer 9783954100187
Verknüpfung 978-3-95410-018-7
041 ## - Sprachcode
Sprachcode des Textes/der Tonspur oder des separaten Titels ger
040 ## - Katalogisierungsquelle
Übertragungsstelle RU-10907106
003 - Kontrollnummer Identifier
Kontrollfeld RU-10907106
100 1# - Haupteintragung - Personenname
Personenname Gigerenzer, Thalia
245 00 - Titel
Titel Gedächtnislabore :
Zusatz zum Titel wie Heimatmuseen in Ostdeutschland an die DDR erinnern /
Verfasserangabe etc. Thalia Gigerenzer. Übersetzt von Christa Krüger
264 ## - Produktion, Veröffentlichung, Distribution, Herstellung und Urheberrechtsvermerk
Herstellungs-, Veröffentlichungs- Vertriebs-, Erzeugungsort Berlin :
Produzent, Herausgeber, Distributor, Hersteller Be.bra Wissenschaft,
Datum der Herstellung, der Veröffentlichung, des Vertriebs oder des Urheberschutzvermerks 2013
300 ## - Physische Beschreibung
Umfang 160 S. : Ill ; 220 mm x 175 mm
650 #0 - Nebeneintragung unter einem Schlagwort - Sachschlagwort
Sachschlagwort oder geografischer Name als Eintragungselement Deutschland <DDR>
650 #0 - Nebeneintragung unter einem Schlagwort - Sachschlagwort
Sachschlagwort oder geografischer Name als Eintragungselement Alltag
650 #0 - Nebeneintragung unter einem Schlagwort - Sachschlagwort
Sachschlagwort oder geografischer Name als Eintragungselement Heimatmuseum
650 #0 - Nebeneintragung unter einem Schlagwort - Sachschlagwort
Sachschlagwort oder geografischer Name als Eintragungselement Geschichte
942 ## - Zusätzliche Felder (Koha)
Koha-Medientyp Monographien
Exemplare
Ausgeschieden Verloren Klassifikation oder Aufstellungssystematik Beschädigt Nicht entleihbar Heimatbibliothek Aufenthaltsbibliothek Aufstellungsort Erwerbungsdatum Inventarnummer Signatur Barcode Letzte Aktivität Preis gültig von Koha-Medientyp
    Andere/Generische Klassifikation     MWN Osteuropa MWN Osteuropa Lesesaal - 1 22/07/2013 14-01238 D 54 k Gig E00401507908350A 23/02/2021 22/03/2021 Monographien